[Event "Titled Tuesday intern op 23rd Jan Late"]
[Site "Chess.com INT"]
[Date "2024.01.23"]
[Round "11"]
[White "Gurevich, Dmitry"]
[Black "Vestby Ellingsen, Mads"]
[Result "0-1"]
[WhiteElo "2374"]
[BlackElo "2329"]
[PlyCount "70"]
[EventDate "2024.01.23"]
[EventType "swiss (blitz)"]
[EventRounds "11"]
[EventCountry "USA"]
[SourceTitle "CB05_2024"]
[SourceDate "2024.01.31"]
[SourceVersion "1"]
[SourceVersionDate "2024.01.31"]
[SourceQuality "1"]

1. d4 d5 2. c4 e6 3. Nc3 c5 4. cxd5 cxd4 5. Qxd4 exd5 6. Qxd5 Nd7 7. e4 Ngf6 8. Qd1 Bb4 9. a3 Bxc3+ 10. bxc3 Nxe4 11. Qe2 Qe7 12. f3 Nef6 13. Qxe7+ Kxe7 14. a4 Nc5 15. Ba3 b6 16. a5 Be6 17. Kf2 Rhd8 18. Ne2 Rd2 19. Ke1 Rdd8 20. Nd4 Rac8 21. Bb5 Bd5 22. axb6 axb6 23. Ke2 Nfd7 24. Rhd1 Kf6 25. Kf2 Ne5 26. Bb4 Bc4 27. Bxc4 Nxc4 28. Ra7 Ne5 29. Kg3 Rd7 30. Rda1 Rcc7 31. Rxc7 Rxc7 32. Ra8 Ncd3 33. Rb8 Nxb4 34. cxb4 Nd7 35. b5 Nxb8 0-1

[Event "Titled Tuesday intern op 23rd Jan Late"]
[Site "Chess.com INT"]
[Date "2024.01.23"]
[Round "5"]
[White "Kokoszczynski, Jan"]
[Black "Gurevich, Dmitry"]
[Result "0-1"]
[WhiteElo "2250"]
[BlackElo "2374"]
[PlyCount "110"]
[EventDate "2024.01.23"]
[EventType "swiss (blitz)"]
[EventRounds "11"]
[EventCountry "USA"]
[SourceTitle "CB05_2024"]
[SourceDate "2024.01.31"]
[SourceVersion "1"]
[SourceVersionDate "2024.01.31"]
[SourceQuality "1"]

1. d4 Nf6 2. Nf3 e6 3. Bf4 b6 4. e3 Bb7 5. h3 Be7 6. Be2 0-0 7. 0-0 c5 8. c4 cxd4 9. Nxd4 a6 10. Nc3 d6 11. Bh2 Nbd7 12. Rc1 Rc8 13. b3 Qc7 14. Bf3 Rfd8 15. Qe2 Qb8 16. Rfd1 Qa8 17. Bxb7 Qxb7 18. Qf3 Qxf3 19. Nxf3 Nc5 20. Rd4 b5 21. Rcd1 bxc4 22. bxc4 Nb7 23. Rb1 Na5 24. Nd2 d5 25. Be5 Nd7 26. Bg3 Bf6 27. Rd3 Nxc4 28. Na4 Be5 29. Nxc4 Rxc4 30. Bxe5 Nxe5 31. Ra3 h5 32. Nb6 Rb8 33. Rab3 Rc6 34. g3 g5 35. Kg2 Kg7 36. a4 g4 37. hxg4 hxg4 38. Rb4 Nc4 39. Nxc4 Rxb4 40. Rxb4 dxc4 41. Rb1 Kf6 42. Kf1 Ke5 43. Ke2 Ke4 44. Rb4 a5 45. Rb1 c3 46. Rc1 c2 47. Kd2 Kf3 48. Ke1 f5 49. Kf1 Rd6 50. Ke1 Rd1+ 51. Rxd1 cxd1Q+ 52. Kxd1 Kxf2 53. Kd2 Kxg3 54. Kd3 Kf3 55. Kd4 g3 0-1

[Event "Titled Tuesday intern op 09th Jan Early"]
[Site "Chess.com INT"]
[Date "2024.01.09"]
[Round "9"]
[White "Gurevich, Dmitry"]
[Black "Eilenberg, Jonas"]
[Result "1-0"]
[WhiteElo "2374"]
[BlackElo "2318"]
[PlyCount "153"]
[EventDate "2024.01.09"]
[EventType "swiss (blitz)"]
[EventRounds "11"]
[EventCountry "USA"]
[SourceTitle "CB03_2024"]
[SourceDate "2024.01.17"]
[SourceVersion "1"]
[SourceVersionDate "2024.01.17"]
[SourceQuality "1"]

1. d4 d5 2. c4 e6 3. Nc3 a6 4. e3 Nf6 5. Nf3 dxc4 6. Bxc4 b5 7. Bd3 Bb7 8. 0-0 c5 9. a4 b4 10. Ne2 Nbd7 11. Ng3 Bd6 12. b3 0-0 13. Bb2 Rc8 14. Qe2 Qb6 15. a5 Qa7 16. Rfd1 Rfd8 17. Bc4 Bxg3 18. hxg3 Ne4 19. Rac1 Qa8 20. Ne1 h6 21. Qg4 Ndf6 22. Qh4 Bd5 23. f3 Bxc4 24. Rxc4 Nd6 25. Rxc5 Rxc5 26. dxc5 Nf5 27. Rxd8+ Qxd8 28. Qxb4 Nd5 29. Qd2 Nfxe3 30. Nc2 Nxc2 31. Qxc2 Qxa5 32. c6 Qc7 33. f4 f6 34. Ba3 Kf7 35. Qc5 Ne7 36. Kh2 Nxc6 37. Qf8+ Kg6 38. Qe8+ Kh7 39. Qxe6 Nd8 40. Qe4+ Kg8 41. Be7 Nf7 42. Bb4 Nd8 43. Qe8+ Kh7 44. Be7 Nc6 45. Bc5 Nd8 46. Qe4+ Kg8 47. b4 Qc6 48. Qc4+ Ne6 49. Qb3 Kh7 50. Be3 Nf8 51. f5 Nd7 52. Qe6 Ne5 53. Qxc6 Nxc6 54. Bc5 Ne5 55. Kh3 Kg8 56. Bd6 Kf7 57. Bxe5 fxe5 58. g4 Kf6 59. Kg3 h5 60. Kf3 hxg4+ 61. Kxg4 g6 62. fxg6 Kxg6 63. Kf3 Kf5 64. Ke3 e4 65. g3 Ke5 66. g4 Kd5 67. g5 Ke5 68. g6 Kf6 69. Kxe4 Kxg6 70. Kd5 Kf7 71. Kc6 Ke7 72. Kb6 Kd7 73. Kxa6 Kc6 74. Ka5 Kc7 75. Ka6 Kc6 76. b5+ Kc7 77. Ka7 1-0

[Event "Titled Tuesday intern op 09th Jan Early"]
[Site "Chess.com INT"]
[Date "2024.01.09"]
[Round "1"]
[White "Gurevich, Dmitry"]
[Black "Radjabov, Teimour"]
[Result "0-1"]
[WhiteElo "2374"]
[BlackElo "2723"]
[PlyCount "68"]
[EventDate "2024.01.09"]
[EventType "swiss (blitz)"]
[EventRounds "11"]
[EventCountry "USA"]
[SourceTitle "CB03_2024"]
[SourceDate "2024.01.17"]
[SourceVersion "1"]
[SourceVersionDate "2024.01.17"]
[SourceQuality "1"]

1. d4 Nf6 2. c4 g6 3. Nc3 Bg7 4. e4 d6 5. Nf3 0-0 6. Be2 e5 7. 0-0 h6 8. Re1 a5 9. d5 Na6 10. Be3 Ng4 11. Bd2 Nc5 12. h3 Nf6 13. Qc2 Nh5 14. Be3 Nf4 15. Bf1 Bd7 16. Rad1 Qf6 17. Nh2 Qe7 18. b3 Kh8 19. a3 f5 20. Bxf4 exf4 21. exf5 Qf6 22. Ne4 Bxf5 23. f3 Bxe4 24. fxe4 Qc3 25. Qxc3 Bxc3 26. Re2 Rae8 27. Ng4 Bg7 28. e5 h5 29. exd6 cxd6 30. Nf2 Nxb3 31. Ne4 Nd4 32. Ree1 f3 33. Kh1 f2 34. Re3 Nf5 0-1

[Event "Titled Tuesday intern op 09th Jan Early"]
[Site "Chess.com INT"]
[Date "2024.01.09"]
[Round "10"]
[White "Gurevich, Dmitry"]
[Black "Srihari, LR."]
[Result "0-1"]
[WhiteElo "2374"]
[BlackElo "2469"]
[PlyCount "76"]
[EventDate "2024.01.09"]
[EventType "swiss (blitz)"]
[EventRounds "11"]
[EventCountry "USA"]
[SourceTitle "CB03_2024"]
[SourceDate "2024.01.17"]
[SourceVersion "1"]
[SourceVersionDate "2024.01.17"]
[SourceQuality "1"]

1. d4 Nf6 2. c4 e6 3. Nc3 Bb4 4. a3 Bxc3+ 5. bxc3 Nc6 6. e3 0-0 7. Bd3 b6 8. e4 e5 9. Ne2 d6 10. f3 Ba6 11. Bg5 h6 12. Bh4 Na5 13. 0-0 Bxc4 14. Bxc4 Nxc4 15. Qc1 g5 16. Bf2 Nh5 17. g3 Kh7 18. f4 gxf4 19. gxf4 exf4 20. Kh1 Qe7 21. Qc2 f5 22. exf5 Rae8 23. Rae1 Qe4+ 24. Qxe4 Rxe4 25. Ng1 d5 26. Nf3 Rxf5 27. Bh4 Rf7 28. Rg1 Ng7 29. Ne5 Nxe5 30. dxe5 Ne6 31. Bf6 f3 32. Ref1 Rf4 33. Rg3 Ng5 34. h4 Ne4 35. Rgxf3 Rxf3 36. Rxf3 Nxf6 37. exf6 Kg6 38. Rd3 c6 0-1